000
00351 a2200169 4500
001
182900
020
_a
85-0807760-2
040
_c
Magnum
100
_a
Alencar, José de
240
1
0
_a
As minas de prata
_l
por
245
1
0
_a
As minas de prata
300
_a
272
362
0
_a
2001
440
1
_a
Ática
697
_a
LITERATURA GERAL
942
_c
BK
999
_c
182900
_d
182900